Vzťahy Ruska s Európskou úniou za vlády V. V. Putina bakalárska práca

Salvato in:
Dettagli Bibliografici
Autore principale: Ďalogová, Andrea
Ente Autore: Fakulta medzinárodných vzťahov EU. Katedra medzinárodných ekonomických vzťahov a hospodárskej diplomacie
Altri autori: Ondriaš, Juraj, 1988-
Natura: Libro
Lingua:slovacco
Pubblicazione: Bratislava 2020
Tags: Aggiungi Tag
Nessun Tag, puoi essere il primo ad aggiungerne!!

MARC

LEADER 00000nbm a2200000 4500
001 0265827
005 20200910083241.1
041 0 |a slo 
044 |a SK 
245 1 0 |a Vzťahy Ruska s Európskou úniou za vlády V. V. Putina  |b bakalárska práca  |c Andrea Ďalogová ; školiteľ: Juraj Ondriaš 
264 1 |a Bratislava  |c 2020 
300 |a 60 s. 
100 1 |a Ďalogová, Andrea 
700 1 |a Ondriaš, Juraj, 1988- 
710 2 |a Fakulta medzinárodných vzťahov EU. Katedra medzinárodných ekonomických vzťahov a hospodárskej diplomacie